Trouve le pilote de F1 (lettre M) - Statistiques

Statistiques générales
  • Ce quiz a été pris 44 fois
  • Le résultat moyen est 6 sur 10
Statistiques - réponses
Par images Réponse % Correct
Kevin Magnussen
91%
Jochen Mass
82%
Felipe Massa
79%
Nikita Mazepin
79%
Nigel Mansell
76%
Pastor Maldonado
56%
Juan Pablo Montoya
50%
Stirling Moss
26%
Bruce McLaren
15%
Pierluigi Martini
0%
Aucun quiz correspondant
Distribution des résultats
% des personnes avec chaque résultat
Percentile par nombre de réponses
Votre historique - résultats
Vous n’avez pas pris ce quiz